Vybraní predstavitelia regionálnych inštitúcií na podporu malých a stredných podnikov na Slovensku
Význam malých a stredných podnikov v regionálnom rozvoji. Vybrané podporné inštitúcie, ktorých úlohou je pomáhať malým a stredným podnikom v rôznych situáciách. Slovak Business Agency. Regionálne poradenské a informačné centrá (RPIC). Ústredie práce, sociálnych vecí a rodiny. Slovenská záručná a roz...
Salvato in:
| Autore principale: | |
|---|---|
| Natura: | Capitolo di libro |
| Lingua: | slovacco |
| Soggetti: | |
| Tags: |
Nessun Tag, puoi essere il primo ad aggiungerne!!
|
MARC
| LEADER | 00000nla a2200000 4500 | ||
|---|---|---|---|
| 001 | 0223853 | ||
| 005 | 20240502073650.7 | ||
| 041 | 0 | |a slo | |
| 044 | |a SK | ||
| 245 | 1 | 0 | |a Vybraní predstavitelia regionálnych inštitúcií na podporu malých a stredných podnikov na Slovensku |c Enikö Korcsmáros |
| 520 | |a Význam malých a stredných podnikov v regionálnom rozvoji. Vybrané podporné inštitúcie, ktorých úlohou je pomáhať malým a stredným podnikom v rôznych situáciách. Slovak Business Agency. Regionálne poradenské a informačné centrá (RPIC). Ústredie práce, sociálnych vecí a rodiny. Slovenská záručná a rozvojová banka (SZRB). Združenie mladých podnikateľov Slovenska (ZMPS). Výsledky prieskumu v Nitrianskom kraji. | ||
| 610 | 2 | 0 | |a podnikanie |
| 610 | 2 | 0 | |a podnik malý |
| 610 | 2 | 0 | |a podnik stredný |
| 610 | 2 | 0 | |a podpora podnikania |
| 610 | 2 | 0 | |a inštitúcie verejnoprávne |
| 610 | 2 | 0 | |a združenia |
| 610 | 2 | 0 | |a regióny |
| 610 | 2 | 0 | |a prieskum |
| 100 | 1 | |a Korcsmáros, Enikö | |